000 00357nam a2200121Ia 4500
008 220620s9999||||xx |||||||||||||| ||und||
245 0 _aFillers
546 _aEnglish[eng]
650 _aManufacturing industries
700 _aFlores Huicochea, Emmanuel
856 _uhttps://mts.intechopen.com/storage/books/10045/authors_book/authors_book.pdf
942 _cEB
999 _c29491
_d29491